Las "Academias morales" de Antonio Enríquez Gómez (Record no. 70478)
[ view plain ]
| 000 -LEADER | |
|---|---|
| campo de control de longitud fija | 00959nam a2200229 i 4500 |
| 001 - NÚMERO DE CONTROL | |
| campo de control | 70478 |
| 003 - IDENTIFICADOR DE NÚMERO DE CONTROL | |
| campo de control | ES-MaACL |
| 005 - FECHA Y HORA DE LA ÚLTIMA TRANSACCIÓN | |
| campo de control | 20250809044340.0 |
| 007 - CAMPO FIJO DE DESCRIPCIÓN FÍSICA--INFORMACIÓN GENERAL | |
| campo de control de longitud fija | t| |
| 008 - DATOS DE LONGITUD FIJA--INFORMACIÓN GENERAL | |
| campo de control de longitud fija | 040726s1971 sp |||| | spa d |
| 100 1# - ENTRADA PRINCIPAL--NOMBRE DE PERSONA | |
| Nombre de persona | García Valdecasas, Juan Guillermo. |
| 9 (RLIN) | 55356 |
| 245 14 - MENCIÓN DEL TÍTULO | |
| Título | Las "Academias morales" de Antonio Enríquez Gómez |
| Resto del título | : (críticas sociales y jurídicas en los versos de un judío español en el exilio) / |
| Mención de responsabilidad, etc. | Guillermo García Valdecasas ; prólogo de Francisco Elías de Tejada. |
| 260 ## - PUBLICACIÓN, DISTRIBUCIÓN, ETC. | |
| Lugar de publicación, distribución, etc. | Sevilla : |
| Nombre del editor, distribuidor, etc. | Universidad de Sevilla, |
| Fecha de publicación, distribución, etc. | 1971. |
| 300 ## - DESCRIPCIÓN FÍSICA | |
| Extensión | X, 114 p. ; |
| Dimensiones | 22 cm. |
| 490 1# - MENCIÓN DE SERIE | |
| Mención de serie | Anales de la Universidad Hispalense. Serie derecho ; |
| Designación de volumen o secuencia | 9 |
| 600 14 - PUNTO DE ACCESO ADICIONAL DE MATERIA--NOMBRE DE PERSONA | |
| Nombre de persona | Enríquez Gómez, Antonio, |
| Fechas asociadas al nombre | 1600-1663 |
| 9 (RLIN) | 47290 |
| 700 1# - ENTRADA AGREGADA--NOMBRE PERSONAL | |
| Nombre de persona | Elías de Tejada, Francisco. |
| 9 (RLIN) | 46976 |
| 710 2# - ENTRADA AGREGADA--NOMBRE DE ENTIDAD CORPORATIVA | |
| Nombre de entidad corporativa o nombre de jurisdicción como elemento de entrada | Universidad de Sevilla. |
| 9 (RLIN) | 7301 |
| 830 00 - PUNTO DE ACCESO ADICIONAL DE SERIE-TÍTULO UNIFORME | |
| Título uniforme | Anales de la Universidad Hispalense. |
| Nombre de parte o sección de la obra | Derecho |
| Designación de volumen o secuencia | 9 |
| 9 (RLIN) | 183302 |
| 852 ## - LOCALIZACIÓN | |
| Ubicación | ES-MaACL |
| Número de control de estantería | C-46239 |
| Estatus retirado | Estado de pérdida | Estado de daño | No para préstamo | Biblioteca de origen | Biblioteca actual | Ubicación en estantería | Fecha de adquisición | Fuente de adquisición | Total de préstamos | Signatura topográfica completa | Código de barras | Visto por última vez | Precio de reemplazo | Tipo de ítem Koha |
|---|---|---|---|---|---|---|---|---|---|---|---|---|---|---|
| Biblioteca del Ateneo de Madrid | Biblioteca del Ateneo de Madrid | Depósito 2 | 17/01/2008 | C-46239 | 1073800 | 23/02/2023 | 23/02/2023 | Libro impreso |
